| 000 | 00544nam a2200169Ia 4500 | ||
|---|---|---|---|
| 008 | 230718s9999 xx 000 0 und d | ||
| 020 | _a9789350041888 | ||
| 041 | _aeng | ||
| 082 |
_a006.7'8 _bBET |
||
| 100 |
_aBetts D. _9192916 |
||
| 245 |
_aDeveloping Applications For The Cloud _bOn The Microsoft Windows Azure Platform |
||
| 260 |
_c2011 _bDreamtech/Microsoft |
||
| 300 | _a148 | ||
| 365 |
_cRs. _b399.00 |
||
| 700 |
_aBetts D.; Densmore S.; Dunn R. & Narumoto M. _9195920 |
||
| 906 |
_dO:0437122-Dec-2014B:IN 169429-Oct-2014 _cCOMP _b99.75 |
||
| 999 |
_c338897 _d338897 |
||